000 nam a22 7a 4500
999 _c9739
_d9739
008 180207b ||||| |||| 00| 0 eng d
100 _aAgard J
_95843
245 _aHalf caste and other poems
260 _alondon
_bhadder
_c2006